skbl

Dr Suryya Kumar Bhuyan Library Web-OPAC
ডঃ সূৰ্য্য
কুমাৰ ভূঞা পুথিভঁৰাল ৱেব-অ'পেক

All Research Scholars are advised to clear the annual library fees to continue using Library Resources, Remote Access, Plagiarism Test and Library Clearance.

Cotton University Book Fair 2026

Basic organometallic chemistry: concepts, synthesis and applications (Record no. 62783)

MARC details
000 -LEADER
fixed length control field 00581nam a2200193Ia 4500
001 - CONTROL NUMBER
control field 61674
008 - FIXED-LENGTH DATA ELEMENTS--GENERAL INFORMATION
fixed length control field 170318n2013 ii |||gr||||Z||||||465
020 ## - INTERNATIONAL STANDARD BOOK NUMBER
International Standard Book Number 978-81-7371-874-8
082 ## - DEWEY DECIMAL CLASSIFICATION NUMBER
Classification number 547.05
100 ## - MAIN ENTRY--PERSONAL NAME
Personal name Gupta, B D,
Relator term Author.
245 #0 - TITLE STATEMENT
Title Basic organometallic chemistry: concepts, synthesis and applications
Statement of responsibility, etc. by B D Gupta and A J Elias
Medium Textual Documents
250 ## - EDITION STATEMENT
Edition statement 2nd ed.
260 ## - PUBLICATION, DISTRIBUTION, ETC.
Place of publication, distribution, etc. Hyderabad
Name of publisher, distributor, etc. University Press
Date of publication, distribution, etc. 2013
300 ## - PHYSICAL DESCRIPTION
Extent xxii, 513p:
Dimensions 23cm.
653 ## - INDEX TERM--UNCONTROLLED
Uncontrolled term Chemistry
653 ## - INDEX TERM--UNCONTROLLED
Uncontrolled term Organometallic chemistry
653 ## - INDEX TERM--UNCONTROLLED
Uncontrolled term Dept-Chemistry
942 ## - ADDED ENTRY ELEMENTS (KOHA)
Source of classification or shelving scheme Dewey Decimal Classification
Koha item type Books
Holdings
Withdrawn status Lost status Damaged status Not for loan Collection Home library Current library Shelving location Date acquired Cost, normal purchase price Total checkouts Full call number Barcode Date last seen Copy number Price effective from Koha item type
          Dr. Suryya Kumar Bhuyan Library Dr. Suryya Kumar Bhuyan Library   18/03/2017 725.00   547.05 GUP 448/Rusa 14/01/2024 2 18/03/2017 Books
          Dr. Suryya Kumar Bhuyan Library Dr. Suryya Kumar Bhuyan Library   18/03/2017 725.00   547.05 GUP 447/Rusa 14/01/2024 1 18/03/2017 Books

Designed and Maintained by Team SKBL
©1901-2026

Powered by Koha